Normal view
MARC view
- Disciplina escolar
Entry Materia
Number of records used in: 540
001 - NÚMERO DE CONTROL DEL REGISTRO
- campo de control: 1521
003 - IDENTIFICADOR DE NUMERO DE CONTROL
- campo de control: UPN
005 - FECHA Y HORA DE LA ÚLTIMA TRANSACCIÓN
- campo de control: 20230329084745.0
008 - DATOS DE LONGITUD FIJA
- campo de control de longitud fija: 230329n||acnnnbabn a ana |d
035 ## - NÚMERO DE CONTROL DEL SISTEMA
- Número de control del sistema: UPN10000001521
040 ## - FUENTE DE LA CATALOGACIÓN
- Centro catalogador de origen: UPN
- Lengua de catalogación: spa
- Agencia de transcripción: UPN
046 ## - FECHAS CON CODIFICACIÓN ESPECIAL
- Fecha final para contenidos agregados: 2023
053 #4 - NÚMERO CLASIFICADOR - BIBLIOTECA DEL CONGRESO (LC)
- Elemento numérico de la clasificación - Número único o no. inicial del rango: LB3011
150 ## - ENCABEZAMIENTO - TEMÁTICO
- Término de materia o nombre geográfico como elemento inicial: Disciplina escolar
450 ## - VÉASE - MATERIA
- Encabezamiento temático: Estudiantes
- Subdivisión temática general: Disciplina
670 ## - FUENTE EN LA QUE SE LOCALIZARON DATOS
- Cita de la fuente: Autoridades Librunam, 29 marzo 2023:
- Información localizada: (Disciplina escolar)
902 ## - CATALOGADOR
- Catalogador: MCM/300796
